| 000 | 00551nam a2200181Ia 4500 | ||
|---|---|---|---|
| 003 | GCL | ||
| 008 | 140319s9999 xx 000 0 ara d | ||
| 040 |
_aGCL / _cGCL |
||
| 082 | 0 | 4 |
_a551.46 _bج ج |
| 100 | 1 | _aجودة حسنين جودة | |
| 245 | 1 | 0 |
_aجغرافيا البحار والمحيطات / _cجودة حسنين جودة |
| 260 |
_a[S.N] : _bمنشاة المعارف الاسلامية ، _c1993 |
||
| 300 | _a656 ص | ||
| 490 | _a | ||
| 650 | 0 | 4 | _aالجغرافيا |
| 650 | 0 | 4 | _aالبحار والمحيطات |
| 942 |
_2ddc _cBK |
||
| 999 |
_c33084 _d33084 |
||